[Event "ipca2019"]
[Site "?"]
[Date "2019.07.05"]
[Round "8.2"]
[White "Gedgafov, Chamal"]
[Black "Mukha, Nikolay"]
[Result "0-1"]
[BlackElo "2159"]
[WhiteElo "2163"]
[LiveChessVersion "1.4.8"]

1. c4 {[%clk 1:30:55]} Nf6 {[%clk 1:30:58]} 2. Nc3 {[%clk 1:31:19]} g6
{[%clk 1:30:40]} 3. g3 {[%clk 1:31:31]} Bg7 {[%clk 1:30:18]} 4. Bg2
{[%clk 1:31:43]} O-O {[%clk 1:30:35]} 5. e4 {[%clk 1:31:50]} d6 {[%clk 1:30:49]}
6. Nge2 {[%clk 1:31:57]} c5 {[%clk 1:30:45]} 7. O-O {[%clk 1:32:06]} Nc6
{[%clk 1:31:11]} 8. d3 {[%clk 1:32:22]} Ne8 {[%clk 1:27:25]} 9. Be3
{[%clk 1:30:25]} Nd4 {[%clk 1:27:28]} 10. Qd2 {[%clk 1:30:08]} Bg4
{[%clk 1:24:47]} 11. f3 {[%clk 1:30:15]} Bd7 {[%clk 1:24:32]} 12. h3
{[%clk 1:30:25]} a6 {[%clk 1:21:15]} 13. Rac1 {[%clk 1:26:54]} b5
{[%clk 1:20:59]} 14. Kh2 {[%clk 1:26:25]} b4 {[%clk 1:13:29]} 15. Nd5
{[%clk 1:25:17]} Nxe2 {[%clk 1:11:01]} 16. Qxe2 {[%clk 1:25:28]} e6
{[%clk 1:11:26]} 17. Nf4 {[%clk 1:25:31]} a5 {[%clk 1:11:05]} 18. Qd2
{[%clk 1:23:23]} Nc7 {[%clk 0:59:25]} 19. Ne2 {[%clk 1:22:18]} Qe7
{[%clk 0:57:38]} 20. f4 {[%clk 1:14:57]} Rad8 {[%clk 0:54:07]} 21. Ng1
{[%clk 1:02:41]} f5 {[%clk 0:51:16]} 22. exf5 {[%clk 1:00:13]} exf5
{[%clk 0:50:11]} 23. d4 {[%clk 0:58:42]} Rfe8 {[%clk 0:46:44]} 24. Rfe1
{[%clk 0:58:20]} Qf8 {[%clk 0:39:35]} 25. Qf2 {[%clk 0:51:46]} Ne6
{[%clk 0:36:35]} 26. Nf3 {[%clk 0:51:34]} cxd4 {[%clk 0:36:54]} 27. Nxd4
{[%clk 0:45:36]} Nc5 {[%clk 0:37:22]} 28. Bd5+ Kh8 29. Rcd1 {[%clk 0:45:10]} Qf6
{[%clk 0:34:27]} 30. Qg2 {[%clk 0:39:13]} Rc8 {[%clk 0:31:47]} 31. b3
{[%clk 0:32:49]} Ne4 {[%clk 0:30:08]} 32. Nf3 {[%clk 0:25:12]} Nc3
{[%clk 0:28:13]} 33. Rd2 {[%clk 0:22:20]} h6 {[%clk 0:26:25]} 34. Bd4
{[%clk 0:21:23]} Qf8 {[%clk 0:26:44]} 35. Rxe8 {[%clk 0:19:25]} Rxe8
{[%clk 0:27:04]} 36. Nh4 {[%clk 0:18:14]} Kh7 {[%clk 0:26:42]} 37. Bb6
{[%clk 0:18:07]} a4 {[%clk 0:21:42]} 38. Ba5 {[%clk 0:15:13]} axb3 39. axb3
{[%clk 0:13:50]} Re3 {[%clk 0:17:41]} 40. Bxb4 {[%clk 0:12:56]} Nxd5
{[%clk 0:14:50]} 41. Qxd5 {[%clk 0:12:41]} Qe8 {[%clk 0:10:39]} 42. Rf2
{[%clk 0:03:54]} Bc6 {[%clk 0:07:53]} 43. Qd2 {[%clk 0:04:06]} Qe4
{[%clk 0:07:10]} 44. Ng2 {[%clk 0:03:14]} Rxb3 {[%clk 0:07:32]} 45. Bxd6
{[%clk 0:02:14]} Rb2 {[%clk 0:06:38]} 46. Qxb2 {[%clk 0:02:23]} Bxb2
{[%clk 0:07:06]} 47. Rxb2 {[%clk 0:02:52]} Qxc4 {[%clk 0:07:00]} 48. Be5
{[%clk 0:02:45]} Kg8 {[%clk 0:06:34]} 49. Rd2 {[%clk 0:01:44]} Kf7
{[%clk 0:06:33]} 50. h4 {[%clk 0:01:31]} Qe4 {[%clk 0:05:49]} 51. Rb2
{[%clk 0:01:12]} g5 {[%clk 0:04:23]} 52. hxg5 {[%clk 0:01:09]} hxg5
{[%clk 0:04:51]} 53. Rd2 {[%clk 0:01:09]} Kg6 {[%clk 0:03:54]} 54. Rd6+
{[%clk 0:00:47]} Kh5 {[%clk 0:04:02]} 55. Rxc6 {[%clk 0:00:54]} Qxc6
{[%clk 0:04:00]} 56. fxg5 {[%clk 0:01:15]} Kxg5 {[%clk 0:04:10]} 57. Ne3
{[%clk 0:01:28]} Qe4 {[%clk 0:04:13]} 58. Bf4+ {[%clk 0:01:53]} Kf6
{[%clk 0:04:05]} 59. Ng2 {[%clk 0:01:54]} Qe2 {[%clk 0:04:24]} 60. Kh3
{[%clk 0:02:06]} Ke6 {[%clk 0:04:01]} 61. Nh4 {[%clk 0:02:23]} Qe4
{[%clk 0:03:51]} 62. Kh2 {[%clk 0:02:38]} Kd5 {[%clk 0:04:14]} 63. Kg1
{[%clk 0:02:29]} Kc4 {[%clk 0:04:15]} 64. Ng2 {[%clk 0:01:47]} Kd3
{[%clk 0:04:16]} 65. Kf2 {[%clk 0:01:25]} Qe2+ {[%clk 0:03:52]} 66. Kg1
{[%clk 0:01:53]} Ke4 {[%clk 0:03:56]} 67. Nh4 {[%clk 0:02:17]} Qe1+
{[%clk 0:03:33]} 68. Kg2 {[%clk 0:02:42]} Qb1 {[%clk 0:03:37]} 69. Ng6
{[%clk 0:02:43]} Qc2+ {[%clk 0:03:26]} 70. Kg1 {[%clk 0:02:52]} Qd1+
{[%clk 0:03:15]} 71. Kg2 {[%clk 0:02:52]} Qe2+ {[%clk 0:03:30]} 72. Kg1
{[%clk 0:03:00]} Qe1+ {[%clk 0:02:09]} 73. Kg2 {[%clk 0:03:10]} Kd3
{[%clk 0:02:30]} 74. Nh4 {[%clk 0:03:03]} Qe2+ {[%clk 0:02:10]} 75. Kh3
{[%clk 0:03:04]} Qg4+ {[%clk 0:02:08]} 76. Kg2 {[%clk 0:03:11]} Ke2
{[%clk 0:02:35]} 77. Kg1 {[%clk 0:03:21]} Qh3 {[%clk 0:02:10]} 78. Ng2
{[%clk 0:03:28]} Qh8 {[%clk 0:02:05]} 79. Nh4 {[%clk 0:03:33]} Qd4+
{[%clk 0:02:05]} 80. Kh2 {[%clk 0:03:11]} Qf2+ {[%clk 0:02:08]} 81. Kh3
{[%clk 0:03:22]} Qf1+ {[%clk 0:02:27]} 82. Kh2 {[%clk 0:01:07]} Kf2
{[%clk 0:02:27]} 0-1